000 00640nam a2200265Ia 4500
005 20260306163605.0
008 008 260114s9999 xx 000 0 eng d
020 _a9781447336969
037 _aEBOOK
040 _aCRL
040 _beng
040 _cCRL
041 _2eng
041 _aeng
084 _qCRL
100 _aWhite, Gibson, Wastell, Walsh
_91128944
245 0 _aReassessing Attachment Theory In Child Welfare
260 _bThe Policy Press
260 _c2020
650 _aSocial Work
856 _uhttps://academic.oup.com/book/31477
942 _cEBOOK
999 _c1710710
_d1710710